[Event "Paracin op-A 15th"]
[Site "Paracin"]
[Date "2022.07.09"]
[Round "2"]
[White "Renganayaki, Venkatesh"]
[Black "Mazi, Leon"]
[Result "1/2-1/2"]
[WhiteElo "1991"]
[BlackElo "2358"]
[PlyCount "93"]
[EventDate "2022.07.08"]
[EventType "swiss"]
[EventRounds "9"]
[EventCountry "SRB"]
[SourceTitle "EXT 2023"]
[Source "ChessBase"]
[SourceDate "2022.10.05"]
[SourceVersion "1"]
[SourceVersionDate "2022.10.05"]
[SourceQuality "1"]

1. d4 d5 2. Nf3 Nf6 3. g3 e6 4. Bg2 Be7 5. 0-0 0-0 6. c4 dxc4 7. Qc2 a6 8. a4 Nc6 9. Qxc4 Qd5 10. Qxd5 exd5 11. Bf4 Ne8 12. Nc3 Be6 13. Rfd1 f6 14. Ne1 Nb4 15. Rac1 g5 16. Be3 a5 17. Nd3 c6 18. Nc5 Bc8 19. Bd2 b6 20. Nd3 Nxd3 21. exd3 Kg7 22. Na2 Bd7 23. b4 Ra7 24. bxa5 bxa5 25. Rb1 Nc7 26. Nc1 Ne6 27. Nb3 Rfa8 28. Bh3 Kf7 29. Re1 Bd8 30. Bf5 Rb8 31. Bxe6+ Bxe6 32. Rxe6 Rab7 33. Rxc6 Rxb3 34. Rxb3 Rxb3 35. Ra6 Ra3 36. Bxa5 Rxa4 37. Ra7+ Kg6 38. Bb6 Rxa7 39. Bxa7 g4 40. Kg2 f5 41. f3 Kf7 42. h3 h5 43. hxg4 hxg4 44. fxg4 fxg4 45. Bc5 Ke6 46. Kf2 Bg5 47. Bf8 1/2-1/2

[Event "Wch FIDE Online U14 Girls Asia qual"]
[Site "Tornelo INT"]
[Date "2020.12.12"]
[Round "3"]
[White "Renganayaki, Venkatesh"]
[Black "Sahithi Varshini, M."]
[Result "0-1"]
[WhiteElo "1783"]
[BlackElo "2070"]
[PlyCount "138"]
[EventDate "2020.12.11"]
[EventType "swiss (rapid)"]
[EventRounds "7"]
[EventCountry "ISS"]
[SourceTitle "EXT 2022"]
[Source "ChessBase"]
[SourceDate "2021.10.06"]
[SourceVersion "1"]
[SourceVersionDate "2021.10.06"]
[SourceQuality "1"]

1. c4 e5 2. g3 Nc6 3. Bg2 f5 4. Nc3 Nf6 5. d3 Bb4 6. Bd2 0-0 7. e3 d6 8. Nge2 Bd7 9. 0-0 Rb8 10. a3 Bxc3 11. Nxc3 Ne7 12. e4 c6 13. h3 Qe8 14. f4 Qg6 15. Qf3 Nh5 16. Kh2 exf4 17. gxf4 Rbe8 18. Rae1 Qh6 19. Ne2 fxe4 20. dxe4 Ng6 21. Bc1 Nh4 22. Qf2 Nxg2 23. Qxg2 Nf6 24. f5 Qh4 25. Nc3 h5 26. Kg1 Nh7 27. Bf4 Qf6 28. Kh2 Bc8 29. Rd1 Rd8 30. Qg3 h4 31. Qg6 Rfe8 32. Rxd6 Rxd6 33. Bxd6 Qxg6 34. fxg6 Ng5 35. e5 Nxh3 36. Rf7 Ng5 37. Rc7 Ne6 38. Re7 Rxe7 39. Bxe7 Nf4 40. Bxh4 Nxg6 41. Bg3 Bf5 42. Na4 b6 43. Nc3 Kf7 44. e6+ Kxe6 45. Bb8 a6 46. a4 Ne5 47. b3 Bc2 48. Ba7 Nd7 49. b4 Bb3 50. c5 bxc5 51. bxc5 g5 52. Kg3 Kf5 53. Ne2 Ke4 54. a5 Kd3 55. Nc1+ Kc4 56. Nxb3 Kxb3 57. Kg4 Kb4 58. Kxg5 Kxa5 59. Kf5 Kb5 60. Ke6 Nxc5+ 61. Kd6 Nb3 62. Ke5 c5 63. Ke4 c4 64. Ke3 Kb4 65. Ke2 Kc3 66. Kd1 Kb2 67. Bb8 c3 68. Be5 a5 69. Bh8 a4 0-1

[Event "Wch FIDE Online U14 Girls Asia qual"]
[Site "Tornelo INT"]
[Date "2020.12.11"]
[Round "1"]
[White "Renganayaki, Venkatesh"]
[Black "Huang, Yuen Tung"]
[Result "1-0"]
[WhiteElo "1783"]
[BlackElo "1309"]
[PlyCount "89"]
[EventDate "2020.12.11"]
[EventType "swiss (rapid)"]
[EventRounds "7"]
[EventCountry "ISS"]
[SourceTitle "EXT 2022"]
[Source "ChessBase"]
[SourceDate "2021.10.06"]
[SourceVersion "1"]
[SourceVersionDate "2021.10.06"]
[SourceQuality "1"]

1. c4 Nf6 2. Nc3 e5 3. g3 Bb4 4. Nd5 Nxd5 5. cxd5 d6 6. Bg2 0-0 7. a3 Bc5 8. e3 a6 9. Ne2 Bf5 10. 0-0 Nd7 11. d4 exd4 12. Nxd4 Bxd4 13. Qxd4 Nf6 14. e4 Bd7 15. Bg5 Re8 16. Rac1 Rc8 17. Rfe1 Re5 18. Bf4 Rh5 19. e5 dxe5 20. Bxe5 Ng4 21. Bxg7 Qg5 22. h3 Nxf2 23. Kxf2 Qxg7 24. Qxg7+ Kxg7 25. g4 Rg5 26. Re7 Bb5 27. Rcxc7 Rxc7 28. Rxc7 Re5 29. Bf3 Kf8 30. Rxb7 Re8 31. b3 Rc8 32. a4 Bd3 33. d6 Rc2+ 34. Ke3 Bf1 35. Rb8+ Kg7 36. d7 Rc3+ 37. Kf2 Rd3 38. d8Q Rxd8 39. Rxd8 Bc4 40. bxc4 Kf6 41. c5 Kg5 42. c6 Kh4 43. c7 h5 44. Rh8 f5 45. Rxh5# 1-0

[Event "Mumbai Wealth U13 op 5th"]
[Site "Mumbai"]
[Date "2020.01.06"]
[Round "8"]
[White "Renganayaki, Venkatesh"]
[Black "Pranav, V."]
[Result "0-1"]
[WhiteElo "1797"]
[BlackElo "2264"]
[PlyCount "80"]
[EventDate "2019.12.30"]
[EventType "swiss"]
[EventRounds "9"]
[EventCountry "IND"]
[SourceTitle "CBM 194 Extra"]
[Source "ChessBase"]
[SourceDate "2020.03.31"]
[SourceVersion "1"]
[SourceVersionDate "2020.03.31"]
[SourceQuality "1"]

1. c4 e5 2. Nc3 Nc6 3. g3 f5 4. Bg2 Nf6 5. e3 e4 6. d3 Bb4 7. d4 d5 8. cxd5 Nxd5 9. Nge2 Nce7 10. 0-0 c6 11. a3 Bd6 12. f3 exf3 13. Bxf3 0-0 14. Qb3 Qb6 15. Qxb6 Nxb6 16. e4 fxe4 17. Nxe4 Bc7 18. Bg5 Ned5 19. Rac1 Bh3 20. Bg2 Bxg2 21. Kxg2 h6 22. Bd2 Rfe8 23. Kf3 Re7 24. N2c3 Nc4 25. Rfe1 Rf8+ 26. Kg2 Rfe8 27. Bxh6 Nxc3 28. Rxc3 Rxe4 29. Rxe4 Rxe4 30. Rxc4 gxh6 31. Kf3 Re7 32. Rc5 Bb6 33. Rh5 Bxd4 34. Rxh6 Bxb2 35. a4 Re3+ 36. Kxe3 Bc1+ 37. Kd4 Bxh6 38. a5 Bd2 39. a6 bxa6 40. Kc5 a5 0-1

[Event "Mumbai Wealth U13 op 5th"]
[Site "Mumbai"]
[Date "2019.12.31"]
[Round "2"]
[White "Renganayaki, Venkatesh"]
[Black "Rout, Yashita"]
[Result "1-0"]
[WhiteElo "1797"]
[BlackElo "1329"]
[PlyCount "115"]
[EventDate "2019.12.30"]
[EventType "swiss"]
[EventRounds "9"]
[EventCountry "IND"]
[SourceTitle "CBM 194 Extra"]
[Source "ChessBase"]
[SourceDate "2020.03.31"]
[SourceVersion "1"]
[SourceVersionDate "2020.03.31"]
[SourceQuality "1"]

1. d4 d5 2. c4 e6 3. Nf3 Nf6 4. g3 Be7 5. Bg2 0-0 6. 0-0 c6 7. Nc3 Nbd7 8. Qd3 dxc4 9. Qxc4 Nb6 10. Qb3 Nbd5 11. Re1 Qc7 12. e4 Nb6 13. Bf4 Qd8 14. Rad1 Nbd7 15. Qc2 Bb4 16. a3 Bxc3 17. bxc3 Qe7 18. e5 Nd5 19. Ng5 g6 20. Bc1 Rd8 21. Ne4 f6 22. c4 N5b6 23. exf6 Nxf6 24. Bg5 Nbd7 25. d5 cxd5 26. cxd5 e5 27. f4 Rf8 28. Nxf6+ Nxf6 29. fxe5 Bf5 30. Qb3 Qc5+ 31. Be3 Qc8 32. Rc1 Qd7 33. exf6 a6 34. d6+ Be6 35. Qxb7 Qxb7 36. Bxb7 Rad8 37. Rcd1 Bc4 38. Bd5+ Bxd5 39. Rxd5 Rd7 40. Bf4 Rxf6 41. Re7 Rf7 42. Rxd7 Rxd7 43. Rc5 Kf8 44. Rc7 Ke8 45. Rxd7 Kxd7 46. Kf2 a5 47. a4 h5 48. h4 Kc6 49. Ke3 Kd7 50. Kd4 Kc6 51. Ke5 Kd7 52. Kd5 Ke8 53. Ke6 Kd8 54. d7 g5 55. hxg5 h4 56. g6 hxg3 57. g7 g2 58. g8R# 1-0

[Event "Wch U14 Girls"]
[Site "Mumbai"]
[Date "2019.10.11"]
[Round "10"]
[White "Kurmangalieva, Liya"]
[Black "Renganayaki, Venkatesh"]
[Result "1-0"]
[WhiteElo "1936"]
[BlackElo "1641"]
[PlyCount "111"]
[EventDate "2019.10.02"]
[EventType "swiss"]
[EventRounds "11"]
[EventCountry "IND"]
[SourceTitle "EXT 2020"]
[Source "ChessBase"]
[SourceDate "2019.10.17"]
[SourceVersion "1"]
[SourceVersionDate "2019.10.17"]
[SourceQuality "1"]

1. e4 c5 2. Nf3 g6 3. d4 cxd4 4. Nxd4 Bg7 5. c4 Nc6 6. Be3 Nf6 7. Nc3 d6 8. Be2 0-0 9. 0-0 Bd7 10. Qd2 Nxd4 11. Bxd4 Bc6 12. f3 a5 13. Rab1 Nd7 14. Be3 Nc5 15. b3 e6 16. Rfc1 Be5 17. Bf1 Qe7 18. Ne2 Rfd8 19. Nd4 h5 20. Qf2 Kh7 21. Rd1 g5 22. Qe2 Bh8 23. a3 Be8 24. b4 axb4 25. axb4 Na4 26. Rb3 Nb6 27. Nxe6 Qxe6 28. Bxb6 Rdc8 29. Rbb1 d5 30. Be3 dxc4 31. Bxg5 c3 32. Rbc1 Ba4 33. Rd5 Be8 34. Be3 f5 35. Rxf5 Bg6 36. Rd5 Rd8 37. Rxd8 Rxd8 38. Qb5 Qd7 39. Qxd7+ Rxd7 40. Bc4 Bg7 41. Bd5 Rc7 42. Bb3 Bf8 43. b5 Ba3 44. Rc2 Bb4 45. Bd4 Be8 46. b6 Rc8 47. Kf2 Bb5 48. Ke3 Ra8 49. Bxc3 Ra3 50. Bxb4 Rxb3+ 51. Bc3 Ra3 52. Kf4 Bd3 53. Kg5 Bf1 54. g3 Bg2 55. f4 Bxe4 56. Kxh5 1-0

[Event "IND-ch U13 Girls 33rd"]
[Site "Visakhapatnam"]
[Date "2019.05.09"]
[Round "8"]
[White "Kheerthi, Ganta"]
[Black "Renganayaki, Venkatesh"]
[Result "1-0"]
[WhiteElo "1545"]
[BlackElo "1610"]
[PlyCount "77"]
[EventDate "2019.05.04"]
[EventType "swiss"]
[EventRounds "11"]
[EventCountry "IND"]
[SourceTitle "CBM 190 Extra"]
[Source "ChessBase"]
[SourceDate "2019.07.15"]
[SourceVersion "1"]
[SourceVersionDate "2019.07.15"]
[SourceQuality "1"]

1. d4 d5 2. c4 e6 3. Nc3 Nf6 4. cxd5 exd5 5. Bg5 c6 6. e3 Be7 7. Bd3 Nbd7 8. Qc2 h6 9. Bh4 Nh5 10. Bxe7 Qxe7 11. Nge2 Nb6 12. 0-0 0-0 13. Rab1 Be6 14. b4 a6 15. a4 Rfc8 16. a5 Nd7 17. Na4 Nhf6 18. Nf4 Bg4 19. h3 g5 20. Ne2 Bxe2 21. Qxe2 Ne4 22. Bxe4 dxe4 23. f3 Re8 24. f4 f6 25. Nc5 Nxc5 26. bxc5 Ra7 27. fxg5 hxg5 28. h4 Raa8 29. Qg4 Kg7 30. hxg5 fxg5 31. Rf5 Kg6 32. Re5 Qd8 33. Qxe4+ Kh6 34. Rxb7 Rh8 35. Re6+ Kh5 36. Rh7+ Rxh7 37. Qxh7+ Kg4 38. Re4+ Kg3 39. Qh3# 1-0

[Event "IND-ch U13 Girls 33rd"]
[Site "Visakhapatnam"]
[Date "2019.05.08"]
[Round "7"]
[White "Renganayaki, Venkatesh"]
[Black "Agrawal, Aanya"]
[Result "1-0"]
[WhiteElo "1610"]
[BlackElo "1356"]
[PlyCount "121"]
[EventDate "2019.05.04"]
[EventType "swiss"]
[EventRounds "11"]
[EventCountry "IND"]
[SourceTitle "CBM 190 Extra"]
[Source "ChessBase"]
[SourceDate "2019.07.15"]
[SourceVersion "1"]
[SourceVersionDate "2019.07.15"]
[SourceQuality "1"]

1. c4 e5 2. Nc3 Nf6 3. Nf3 Nc6 4. d4 exd4 5. Nxd4 Nxd4 6. Qxd4 Be7 7. e4 d6 8. Be2 0-0 9. 0-0 Re8 10. f3 b6 11. Be3 d5 12. cxd5 Bc5 13. Qd2 Bxe3+ 14. Qxe3 Nxd5 15. Nxd5 Qxd5 16. Qc3 Qe5 17. Qxe5 Rxe5 18. Rac1 c5 19. Rfd1 Bb7 20. Rd7 Bc6 21. Rc7 Be8 22. f4 Re6 23. Bc4 Rf6 24. Bd5 Rb8 25. g3 a6 26. Kg2 Rd6 27. b4 cxb4 28. Ra7 Rd7 29. Rxa6 Re7 30. Ra8 Rxa8 31. Bxa8 g6 32. Bd5 Ra7 33. Rc8 Kf8 34. Rb8 b5 35. Bc6 Re7 36. Bxb5 Rxe4 37. Kf3 f5 38. Rxe8+ Rxe8 39. Bxe8 Kxe8 40. Ke3 Kd7 41. Kd4 Kd6 42. Kc4 h6 43. Kxb4 Kd5 44. a4 g5 45. a5 gxf4 46. gxf4 Ke4 47. a6 Kxf4 48. a7 h5 49. a8Q Kg4 50. Qg2+ Kh4 51. Qf2+ Kg4 52. Kc4 f4 53. Kd4 Kh3 54. Ke4 h4 55. Qxf4 Kg2 56. Qxh4 Kh1 57. Qe1+ Kxh2 58. Qe2+ Kh1 59. Qg4 Kh2 60. Kf3 Kh1 61. Qg2# 1-0

[Event "Mumbai Wealth op U13 4th"]
[Site "Mumbai"]
[Date "2019.01.04"]
[Round "6"]
[White "Aarna, Chugh"]
[Black "Renganayaki, Venkatesh"]
[Result "0-1"]
[WhiteElo "1164"]
[BlackElo "1376"]
[PlyCount "164"]
[EventDate "2018.12.30"]
[EventType "swiss"]
[EventRounds "9"]
[EventCountry "IND"]
[SourceTitle "CBM 188 Extra"]
[Source "ChessBase"]
[SourceDate "2019.02.26"]
[SourceVersion "1"]
[SourceVersionDate "2019.02.26"]
[SourceQuality "1"]

1. e4 c5 2. Nf3 g6 3. d4 cxd4 4. Nxd4 Bg7 5. Be3 Nc6 6. Nc3 Nf6 7. f3 0-0 8. Qd2 d5 9. exd5 Nxd5 10. Nxc6 bxc6 11. Bd4 Nxc3 12. Bxc3 Qxd2+ 13. Kxd2 Rd8+ 14. Bd3 Bf5 15. Bxg7 Kxg7 16. Ke2 Bxd3+ 17. cxd3 Rd6 18. Rac1 Rb8 19. b3 Rbd8 20. Rc3 e5 21. Rhc1 Kh6 22. Ke3 f5 23. R1c2 Kg5 24. Ke2 h5 25. Rxc6 Rxd3 26. Ra6 R8d7 27. h4+ Kxh4 28. Rxg6 f4 29. b4 R3d6 30. Rxd6 Rxd6 31. Rc5 Re6 32. Ra5 Re7 33. Kf2 Kg5 34. Rc5 Kf5 35. a4 Ke6 36. b5 Kd6 37. Rc6+ Kd5 38. Rh6 Kc4 39. Rxh5 Kb4 40. Rh6 Kxa4 41. b6 a5 42. Rc6 Kb5 43. Rc7 Re6 44. b7 Rb6 45. Re7 Ka6 46. Rxe5 Rxb7 47. Re4 Rb4 48. Re2 a4 49. Ra2 Ka5 50. Ke2 Rb3 51. Kd2 a3 52. Kc2 Ka4 53. Kc1 Re3 54. Kd2 Kb3 55. Ra1 Kb2 56. Rd1 a2 57. g3 Rxf3 58. gxf4 a1Q 59. Rxa1 Kxa1 60. Ke2 Rxf4 61. Ke3 Ra4 62. Kd3 Kb2 63. Ke3 Kc3 64. Ke2 Kd4 65. Kf3 Ke5 66. Ke2 Ke4 67. Kd2 Ra3 68. Kc2 Kd4 69. Kb2 Rg3 70. Ka2 Kc4 71. Kb2 Rh3 72. Ka2 Kb4 73. Kb2 Rh2+ 74. Kc1 Kb3 75. Kd1 Kc3 76. Ke1 Kd3 77. Kf1 Ke3 78. Kg1 Rb2 79. Kh1 Kf3 80. Kg1 Ra2 81. Kh1 Kg3 82. Kg1 Ra1# 0-1

[Event "Mumbai Wealth rating op 4th"]
[Site "Mumbai"]
[Date "2019.01.03"]
[Round "5"]
[White "Pingale, Shivraj Jaywant"]
[Black "Renganayaki, Venkatesh"]
[Result "1-0"]
[WhiteElo "1580"]
[BlackElo "1376"]
[PlyCount "83"]
[EventDate "2018.12.30"]
[EventType "swiss"]
[EventRounds "9"]
[EventCountry "IND"]
[SourceTitle "CBM 188 Extra"]
[Source "ChessBase"]
[SourceDate "2019.02.26"]
[SourceVersion "1"]
[SourceVersionDate "2019.02.26"]
[SourceQuality "1"]

1. e4 c5 2. Nf3 g6 3. d4 cxd4 4. Nxd4 Bg7 5. Nc3 Nc6 6. Be3 Nf6 7. f3 0-0 8. Qd2 d5 9. Nxc6 bxc6 10. e5 Nd7 11. f4 e6 12. Be2 c5 13. Bf2 Qe7 14. 0-0 Bb7 15. Nb5 f6 16. Nd6 Bc6 17. Qa5 fxe5 18. Qc7 Ba4 19. b3 exf4 20. bxa4 Bxa1 21. Rxa1 Qg7 22. Re1 c4 23. Bg4 e5 24. Qxd7 Qxd7 25. Bxd7 e4 26. Be6+ Kg7 27. Bd4+ Kh6 28. Bxd5 Rad8 29. Be5 g5 30. Nf7+ Rxf7 31. Bxf7 e3 32. Bxc4 Rd2 33. Bd3 Kh5 34. Bc3 Rxd3 35. cxd3 g4 36. h3 g3 37. Kf1 Kg5 38. Ke2 Kf5 39. Kf3 h5 40. Rb1 h4 41. Rb5+ Ke6 42. Kxf4 1-0